[Event "Asia-chT rapid"]
[Site "Hong Kong"]
[Date "2024.08.23"]
[Round "7.26"]
[White "Sigappi, Muthiah"]
[Black "He, Ruien"]
[Result "0-1"]
[WhiteElo "1950"]
[BlackElo "1702"]
[PlyCount "59"]
[EventDate "2024.08.22"]
[EventType "team-swiss (rapid)"]
[EventRounds "11"]
[EventCountry "HKG"]
[SourceTitle "CBM 221 Extra"]
[Source "ChessBase"]
[SourceDate "2024.09.30"]
[SourceVersion "1"]
[SourceVersionDate "2024.09.30"]
[SourceQuality "1"]
[WhiteTeam "The Rising Tide"]
[BlackTeam "Youth Chess Academy"]
[WhiteTeamCountry "HKG"]
[BlackTeamCountry "HKG"]

1. e4 Nf6 2. e5 Nd5 3. d4 d6 4. c4 Nb6 5. f4 dxe5 6. fxe5 Bf5 7. Nf3 e6 8. Nc3 Bb4 9. a3 Bxc3+ 10. bxc3 c5 11. Be3 Nc6 12. Be2 0-0 13. 0-0 h6 14. Qe1 Bg4 15. Qg3 Bxf3 16. Bxh6 g6 17. Rxf3 cxd4 18. Raf1 Qe7 19. Bg5 Qc5 20. cxd4 Nxd4 21. Kh1 Nxf3 22. Rxf3 Nd7 23. Bf6 Nxf6 24. Rxf6 Kg7 25. Bd3 Rfd8 26. h4 Rxd3 27. Qxd3 Qxe5 28. Rf3 Rh8 29. g3 g5 30. Kg2 0-1

[Event "Asia-chT rapid"]
[Site "Hong Kong"]
[Date "2024.08.22"]
[Round "4.32"]
[White "Genkeswaran, Genivan"]
[Black "Sigappi, Muthiah"]
[Result "1-0"]
[WhiteElo "2084"]
[BlackElo "1950"]
[PlyCount "55"]
[EventDate "2024.08.22"]
[EventType "team-swiss (rapid)"]
[EventRounds "11"]
[EventCountry "HKG"]
[SourceTitle "CBM 221 Extra"]
[Source "ChessBase"]
[SourceDate "2024.09.30"]
[SourceVersion "1"]
[SourceVersionDate "2024.09.30"]
[SourceQuality "1"]
[WhiteTeam "Malaysia"]
[BlackTeam "The Rising Tide"]
[WhiteTeamCountry "MAS"]
[BlackTeamCountry "HKG"]

1. d4 Nf6 2. c4 g6 3. Nc3 Bg7 4. e4 d6 5. f4 0-0 6. Nf3 c5 7. d5 Re8 8. Bd3 e6 9. 0-0 exd5 10. cxd5 a6 11. a4 b6 12. Re1 Qc7 13. e5 dxe5 14. fxe5 Ng4 15. d6 Qd7 16. Bf4 Nc6 17. Nd5 Ngxe5 18. Nxe5 Nxe5 19. Bxe5 Rxe5 20. Rxe5 Bxe5 21. Nxb6 Qxd6 22. Nxa8 Bxb2 23. Rb1 Qd4+ 24. Kh1 Be6 25. Be2 Qf6 26. Qf1 Qe5 27. Nb6 Bf5 28. Nc4 1-0

[Event "Olympiad Women-42"]
[Site "Baku"]
[Date "2016.09.02"]
[Round "1.38"]
[White "Sigappi, Muthiah"]
[Black "Heinatz, Gundula"]
[Result "0-1"]
[WhiteElo "1864"]
[BlackElo "2205"]
[PlyCount "144"]
[EventDate "2016.09.02"]
[EventType "team-swiss"]
[EventRounds "11"]
[EventCountry "AZE"]
[SourceTitle "CBM 174 Extra"]
[Source "ChessBase"]
[SourceDate "2016.10.10"]
[SourceVersion "1"]
[SourceVersionDate "2016.10.10"]
[SourceQuality "1"]
[WhiteTeam "Hong Kong (W)"]
[BlackTeam "Switzerland (W)"]
[WhiteTeamCountry "HKG"]
[BlackTeamCountry "SUI"]

1. e4 c5 2. Nf3 Nc6 3. d4 cxd4 4. Nxd4 Nf6 5. Nc3 d6 6. Be2 e5 7. Nb3 Be7 8. 0-0 0-0 9. Kh1 Be6 10. f4 exf4 11. Bxf4 Ne5 12. Nd4 Qd7 13. Bb5 Qc8 14. Nxe6 Qxe6 15. Qe2 Rac8 16. Rad1 Ng6 17. Bg3 a6 18. Bd3 Rfe8 19. e5 dxe5 20. Bf5 Qc4 21. Bxc8 Qxc8 22. Ne4 Qe6 23. c4 h6 24. Nxf6+ Bxf6 25. Qe4 Qb6 26. b3 Nf8 27. Bf2 Qc7 28. Be3 Bg5 29. Bxg5 hxg5 30. Rf5 f6 31. h4 Ne6 32. hxg5 Nxg5 33. Qd5+ Qf7 34. Rf2 Ne6 35. Rd3 e4 36. Re3 Ng5 37. Qxf7+ Kxf7 38. Rd2 Ke6 39. Rd5 f5 40. Kg1 Nh7 41. g4 g6 42. Rh3 Nf6 43. gxf5+ gxf5 44. Rh6 Rg8+ 45. Kf2 f4 46. Rd4 Ke5 47. Rxf6 Kxd4 48. Rxf4 Rh8 49. Rf7 Rh2+ 50. Ke1 Kd3 51. Rd7+ Ke3 52. Kd1 Rh1+ 53. Kc2 Ke2 54. Rxb7 e3 55. Rf7 Ke1 56. c5 Rh5 57. b4 Rh4 58. a3 e2 59. Rf5 Rd4 60. Kc3 Rd2 61. c6 Kd1 62. Re5 Rc2+ 63. Kd3 Rxc6 64. Rxe2 Rd6+ 65. Kc4 Kxe2 66. Kc5 Rh6 67. a4 Kd3 68. b5 a5 69. b6 Rh5+ 70. Kc6 Kc4 71. b7 Rh8 72. Kb6 Kb4 0-1